Statystyki dla Najczęściej oglądane piosenki na YouTube

Kliknij tutaj aby rozwiązać quiz!

Ogólne statystyki

  • Ten quiz został rozwiązany 675 razy
  • Średni wynik to 13 z 27

Statystyki odpowiedzi

PiosenkaArtysta% Poprawnych
Thinking Out Loud / Shape of You / PerfectEd Sheeran
89%
Waka Waka (This Time for Africa) / ChantajeShakira
85%
DespacitoLuis Fonsi
83%
Échame la CulpaLuis Fonsi and
Demi Lovato
82%
Sorry / Baby / What Do You Mean?Justin Bieber
81%
Gangnam StylePsy
80%
Roar / Dark HorseKaty Perry
77%
HelloAdele
68%
Blank Space / Shake it OffTaylor Swift
67%
Sugar / Girls Like YouMaroon 5
65%
FadedAlan Walker
62%
ChandelierSia
57%
See You AgainWiz Khalifa
50%
Wake Me UpAvicii
44%
We Don't Talk AnymoreCharlie Puth
43%
Counting StarsOneRepublic
43%
Love Me Like You DoEllie Goulding
36%
Let Her GoPassenger
32%
CloserThe Chainsmokers
32%
BailandoEnrique Iglesias
30%
All About That BassMeghan Trainor
28%
Uptown FunkMark Ronson
23%
RockabyeClean Bandit
20%
Work From HomeFifth Harmony
20%
This is What You Came ForCalvin Harris
18%
Mi GenteJ Balvin
and Willy William
17%
Lean OnMajor Lazer and
DJ Snake
1%

Rozkład punktacji

Percentyl według liczby udzielonych odpowiedzi

Procent ludzi z każdym wynikiem

Twoja historia wyników

Nie rozwiązałeś tego quizu